000 00589nam a22001697a 4500
005 20251108164014.0
008 250721s1999 xx 000 0 ara d
082 1 4 _a647.903/عبد
100 1 _aعبد القادر، سامي
_eمؤلف
245 1 0 _aالقاموس الفندقي باللغات العربية و الإنجليزية و الفرنسية و الألمانية و الإيطالية /
264 1 _aالقاهرة :
_bمدبولي،
_c1999.
300 _a159ص.
650 1 7 _aالفنادق
650 1 7 _aمعاجم المفردات
942 _2ddc
_cBK
999 _c1244
_d1244